Normal view
MARC view
- Head, George O.,
Entry Personal Name
001 - CONTROL NUMBER
- control field: 132823
003 - CONTROL NUMBER IDENTIFIER
- control field: NUST
005 - DATE AND TIME OF LATEST TRANSACTION
- control field: 20260119154148.0
008 - FIXED-LENGTH DATA ELEMENTS
- fixed length control field: 260119|| aca||aabn | a|a d
040 ## - CATALOGING SOURCE
- Original cataloging agency: NUST
- Transcribing agency: NUST
100 ## - HEADING--PERSONAL NAME
- Personal name: Head, George O.,
- Dates associated with a name: 1945-
670 ## - SOURCE DATA FOUND
- Source citation: Work cat.: (NUST)0: Head, George O., 1945-, 1000 AutoCAD tips & tricks /, c1993.
